000 01535cam a22003494a 4500
003 OSt
005 20160720094300.0
008 071105s2014 gw a bf 001 0 eng
020 _a9780071787031
020 _a3131451610 (TPS, rest of world : alk. paper)
020 _a9781604060850 (TPN, the Americas : alk. paper)
020 _a1604060859 (TPN, the Americas : alk. paper)
040 _aMA-UN
_bara
082 0 0 _a616.707
_222
_bMUI
240 1 0 _aBewegungsapparat.
_lEnglish.
245 1 0 _aMusculoskeletal imaging /
_cSayed Ali.
250 _aط. 1.
260 _aStuttgart ;
_aNew York :
_bThieme,
_bMcGraW Hill,
_c2014.
300 _aviii, 333 p. :
_bill. ;
_c20 cm.
440 0 _aDirect diagnosis in radiology.
_910885
504 _aIncludes bibliographical references and index.
505 0 _aTumors -- Inflammatory diseases -- Degenerative disease -- Metabolic disorders -- Developmental disorders -- Osteonecrosis -- Intra-articular lesions -- Ligament and tendon injuries -- Fractures and dislocations.
650 0 _aMusculoskeletal system
_xImaging
_vHandbooks, manuals, etc.
_911330
650 0 _aMusculoskeletal system
_xDiseases
_xDiagnosis
_vHandbooks, manuals, etc.
_911331
650 1 2 _aMusculoskeletal Diseases
_xdiagnosis
_vHandbooks.
_910215
650 1 2 _aMusculoskeletal System
_xradiography
_vHandbooks.
_911332
650 2 2 _aDiagnosis, Differential
_vHandbooks.
_956054
650 2 2 _aDiagnostic Imaging
_vHandbooks.
_910889
700 _aPatel,Sanjay
_94929
700 _aShah,Dhiren J.
_956055
942 _cBOOK
999 _c36064
_d270564